| 000 | 00680nam a2200265Ia 4500 | ||
|---|---|---|---|
| 001 | 44030 | ||
| 005 | 20240114003612.0 | ||
| 007 | ta | ||
| 008 | 090218s1959 g b000 u 903 u | ||
| 040 | _aCotton College,Assam | ||
| 041 | _a903 | ||
| 082 |
_a320 _bSe 55 H |
||
| 100 | _aSen, Arun Kumar . | ||
| 245 | 0 |
_aHand Book Of Civics / _cArun Kumar Sen. _hTextual Documents |
|
| 250 | _a9th ed / | ||
| 260 |
_aKolkata : _bA.Mukharjee And Co. , _c1959. |
||
| 300 |
_a206p. ; _c22cm. |
||
| 653 | _aCivics | ||
| 653 | _aT/G-Political Science | ||
| 653 | _aT/G-Political Science | ||
| 942 |
_2ddc _cBK |
||
| 999 |
_c43996 _d43996 |
||